Riešenie systému MRHS rovníc
Saved in:
| Main Author: | |
|---|---|
| Other Authors: | |
| Format: | Manuscript Book |
| Language: | Slovak |
| Published: |
2016
|
| Subjects: | |
| Online Access: | http://is.stuba.sk/zp/portal_zp.pl?podrobnosti=119930 |
| Tags: |
No Tags, Be the first to tag this record!
|
MARC
| LEADER | 00000ntm a22000003a 4500 | ||
|---|---|---|---|
| 001 | stuzp54798 | ||
| 003 | SK-STU | ||
| 005 | 20160823135449.5 | ||
| 007 | ta | ||
| 008 | 150427s2015----xo-----f-mn---000-0-slo-d | ||
| 040 | |a STU |b slo | ||
| 041 | 0 | |a slo | |
| 044 | |a xo | ||
| 100 | 1 | |a Simonides, Šimon |u 035000 |k Z4 |4 aut |U FEI Fakulta elektrotechniky a informatiky |T FEI Ústav informatiky a matematiky |X 8866 |U E050 |Y 816 |7 A000008866 | |
| 242 | 0 | 1 | |a Solving system MRHS equations |y eng |
| 245 | 1 | 0 | |a Riešenie systému MRHS rovníc |
| 260 | |c 2016 | ||
| 300 | |a 46 s., |b CD-ROM | ||
| 650 | 4 | |a Multiple Right Hand Sides |2 slo | |
| 650 | 4 | |a Lineárna algebra |2 slo | |
| 650 | 4 | |a Kryptoanalýza |2 slo | |
| 650 | 4 | |a Dekódovanie |2 slo | |
| 650 | 4 | |a MRHS |2 eng | |
| 650 | 4 | |a Decoding |2 eng | |
| 650 | 4 | |a Linear algebra |2 eng | |
| 650 | 4 | |a Cryptoanalysis |2 eng | |
| 700 | 1 | |a Zajac, Pavol |u 035000 |k Z1 |4 ths |U FEI Fakulta elektrotechniky a informatiky |T FEI Ústav informatiky a matematiky |X 10218 |U E050 |Y 816 |7 A000010218 | |
| 856 | 4 | |u http://is.stuba.sk/zp/portal_zp.pl?podrobnosti=119930 | |
| 996 | |b 284EP11510 |c E*DIPL- 11510 |l EE35 |s P |a 0 |w stuzp54798_0001 | ||
| SQL | |a stuzp54798 |b DDP |c SLO |d Riešenie systému MRHS rovníc |e 8866 |f Simonides, Šimon |g 035000 |h 10218 |i Zajac, Pavol |j 20160614 |k 359 |l 03 |m http://is.stuba.sk/zp/portal_zp.pl?podrobnosti=119930 |n I-API |o 9.2.9. aplikovaná informatika | ||